000 00311nam a22001457a 4500
003 SGT
082 _a616.24
_bH12G
100 _aGLYNN, MICHAL
245 _aHUTCHISON'S CLINICAL METHODS
250 _a23RD
260 _aEDINBURGH
_bSOUNDERS
_c2012
300 _a472
650 _aHOMOEOPATHIC
942 _2ddc
_cBK
999 _c18540
_d18540